Los grandes descubrimientos. (Record no. 184324)
[ view plain ]
| 000 -LEADER | |
|---|---|
| campo de control de longitud fija | 00900nam a2200253 i 4500 |
| 001 - NÚMERO DE CONTROL | |
| campo de control | 184324 |
| 003 - IDENTIFICADOR DE NÚMERO DE CONTROL | |
| campo de control | ES-MaACL |
| 005 - FECHA Y HORA DE LA ÚLTIMA TRANSACCIÓN | |
| campo de control | 20250831063043.0 |
| 008 - DATOS DE LONGITUD FIJA--INFORMACIÓN GENERAL | |
| campo de control de longitud fija | 150619s2002 sp ao |||| | spa d |
| 020 ## - NÚMERO INTERNACIONAL ESTÁNDAR DEL LIBRO | |
| Número Internacional Estándar del Libro | 84-395-9965-X |
| 080 ## - NÚMERO DE LA CLASIFICACIÓN DECIMAL UNIVERSAL | |
| Número de la Clasificación Decimal Universal | 529.7 |
| 100 1# - ENTRADA PRINCIPAL--NOMBRE DE PERSONA | |
| Nombre de persona | Boorstin, Daniel J., |
| Fechas asociadas al nombre | 1914-2004 |
| 9 (RLIN) | 30326 |
| 245 14 - MENCIÓN DEL TÍTULO | |
| Título | Los grandes descubrimientos. |
| Nombre de parte o sección de la obra | El tiempo / |
| Mención de responsabilidad, etc. | Daniel J. Boorstin. |
| 246 30 - FORMA VARIANTE DEL TITULO | |
| Título propio/Titulo breve | El tiempo |
| 260 ## - PUBLICACIÓN, DISTRIBUCIÓN, ETC. | |
| Lugar de publicación, distribución, etc. | [Barcelona] : |
| Nombre del editor, distribuidor, etc. | Planeta DeAgostini, |
| Fecha de publicación, distribución, etc. | [2002] |
| 300 ## - DESCRIPCIÓN FÍSICA | |
| Extensión | 198 p. : |
| Otras características físicas | il. col., fot. ; |
| Dimensiones | 30 cm. |
| 505 8# - NOTA DE CONTENIDO CON FORMATO | |
| Nota de contenido con formato | Contiene: El tiempo celestial - Del tiempo del Sol al tiempo del reloj - El reloj misional |
| 650 04 - PUNTO DE ACCESO ADICIONAL DE MATERIA--TÉRMINO DE MATERIA | |
| Término de materia o nombre geográfico como elemento de entrada | Tiempo- |
| Subdivisión de forma | Obras de divulgación. |
| 9 (RLIN) | 17532 |
| 650 04 - PUNTO DE ACCESO ADICIONAL DE MATERIA--TÉRMINO DE MATERIA | |
| Término de materia o nombre geográfico como elemento de entrada | Cronología. |
| 9 (RLIN) | 11457 |
| 852 ## - LOCALIZACIÓN | |
| Ubicación | ES-MaACL |
| Número de control de estantería | A-13449 |
| itemnumber | 191320 |
| Sublocalización o colección | R.150649 |
| Ubicación en estantería | Depósito 1 |
| Signatura antigua | Olim: N-6449 |
| 903 ## - NOMBRE PERSONAL DE DONANTE | |
| a | Aláez Rojo, Amadeo |
| e | Donante |
| 9 | 19076 |
| 942 ## - ELEMENTOS DE ENTRADA SECUNDARIOS (KOHA) | |
| Fuente del sistema de clasificación o colocación | Clasificación decimal universal |
| Tipo de ítem Koha | Libro impreso |
| Estatus retirado | Estado de pérdida | Fuente del sistema de clasificación o colocación | Estado de daño | No para préstamo | Biblioteca de origen | Biblioteca actual | Ubicación en estantería | Fecha de adquisición | Fuente de adquisición | Total de préstamos | Signatura topográfica completa | Código de barras | Visto por última vez | Precio de reemplazo | Tipo de ítem Koha |
|---|---|---|---|---|---|---|---|---|---|---|---|---|---|---|---|
| Clasificación decimal universal | Biblioteca del Ateneo de Madrid | Biblioteca del Ateneo de Madrid | Depósito 1 | 19/06/2015 | Donación | A-13449 | 1193923 | 23/02/2023 | 23/02/2023 | Libro impreso |
